| 000 | 00786nam a2200181 i 4500 | ||
|---|---|---|---|
| 001 | 158021 | ||
| 003 | ES-MaACL | ||
| 005 | 20250907063118.0 | ||
| 008 | 980128s1876 sp |||| | spa d | ||
| 040 |
_aNA _bspa _cNA |
||
| 100 | 1 |
_aLópez Domínguez, José, _d1829-1911 _973611 |
|
| 245 | 1 | 0 |
_aSan Pedro de Abanto y Bilbao _b: operaciones del ejército del norte, mandado por el Capitan General Duque de la Torre en 1874 / _cpor el General Lopez Dominguez. |
| 260 |
_aMadrid : _b[s.n.], _c1876 ( _fEstablecimiento tipográfico dirigido por José Cayetano Conde) |
||
| 300 |
_a118 p. ; _c24 cm. |
||
| 597 | _aAntep. | ||
| 852 |
_aES-MaACL _jT-259-F-5 _z-- Enc. hol. _z-- Ded. ms. del autor a la Biblioteca del Ateneo _z-- Enc. en un vol. facticio |
||
| 999 |
_c158021 _d158021 |
||